|
|
|
|
| LEADER |
01293nam a2200349Ia 4500 |
| 001 |
EBC713714 |
| 003 |
MiAaPQ |
| 005 |
20200520144314.0 |
| 006 |
m o d | |
| 007 |
cr cn||||||||| |
| 008 |
101008s2011 cau sb 001 0 eng d |
| 010 |
|
|
|z 2010043504
|
| 020 |
|
|
|z 9780804771412
|
| 035 |
|
|
|a (MiAaPQ)EBC713714
|
| 035 |
|
|
|a (Au-PeEL)EBL713714
|
| 035 |
|
|
|a (CaPaEBR)ebr10466282
|
| 035 |
|
|
|a (OCoLC)719383765
|
| 040 |
|
|
|a MiAaPQ
|c MiAaPQ
|d MiAaPQ
|
| 050 |
|
4 |
|a HD62.7
|b .H484 2011
|
| 082 |
0 |
4 |
|a 658.4/063
|2 22
|
| 100 |
1 |
|
|a Hess, Edward D.
|
| 245 |
1 |
0 |
|a Growing an entrepreneurial business
|h [electronic resource] :
|b concepts and cases /
|c Edward D. Hess.
|
| 260 |
|
|
|a Stanford, CA :
|b Stanford Business Books,
|c 2011.
|
| 300 |
|
|
|a xx, 387 p.
|
| 504 |
|
|
|a Includes bibliographical references and index.
|
| 533 |
|
|
|a Electronic reproduction. Ann Arbor, MI : ProQuest, 2015. Available via World Wide Web. Access may be limited to ProQuest affiliated libraries.
|
| 650 |
|
0 |
|a Small business
|x Growth
|v Textbooks.
|
| 650 |
|
0 |
|a Small business
|x Management
|v Textbooks.
|
| 650 |
|
0 |
|a Entrepreneurship
|v Textbooks.
|
| 655 |
|
4 |
|a Electronic books.
|
| 710 |
2 |
|
|a ProQuest (Firm)
|
| 856 |
4 |
0 |
|u https://ebookcentral.proquest.com/lib/matrademy/detail.action?docID=713714
|z Click to View
|